000 00695nam a22002537a 4500
001 79679
003 UA-OsUOA
005 20211005150034.0
007 ta
008 20111118b un ||||| |||| 00| 0 ukr d
040 _aUA-OsUOA
_bukr
_cUA-OsUOA
_dUA-OsUOA
041 _aukr
080 _a821.161.2
090 _a821.161.2
_bР49
100 _aРибак Н.
245 _aПереяславська Рада
_bроман
260 _aК.
_bДніпро
_c1979
300 _a693 с.
505 _gТ. 2
650 7 _a82 Література. Літературознавство
_2UDC
942 _cBK
_2udc
955 _a3
999 _c366000
_d366000